京大合格者数10人以上の高校(2025年) - Statistics

General Stats
  • This quiz has been taken 21 times
  • The average score is 43 of 73
Answer Stats
人数 所在地 学校名 % Correct
50 兵庫
100%
60 奈良 東大寺学園
95%
20 東京 西
89%
107 大阪 北野
84%
69 京都 洛南
84%
53 大阪 天王寺
84%
26 奈良 西大和学園
84%
44 滋賀 膳所
79%
27 奈良 奈良
79%
16 埼玉 浦和
79%
16 香川 高松
79%
12 東京 開成
79%
51 大阪 大阪星光学院
74%
47 兵庫 甲陽学院
74%
43 京都 堀川
74%
25 兵庫 神戸
74%
46 愛知 旭丘
68%
32 愛知 岡崎
68%
32 大阪 茨木
68%
31 京都 洛星
68%
23 大阪 三国丘
68%
21 岐阜 岐阜
68%
20 東京 麻布
68%
19 愛知 刈谷
68%
18 北海道 札幌南
68%
17 福岡 修猷館
68%
13 大阪 四天王寺
68%
12 千葉 千葉
68%
46 大阪 大阪桐蔭
63%
40 大阪 高槻
63%
34 石川 金沢泉丘
63%
31 愛知 東海
63%
18 兵庫 白陵
63%
16 京都 洛北
63%
15 静岡 浜松北
63%
14 岡山 岡山朝日
63%
12 広島 広島大学附属
63%
26 兵庫 長田
58%
25 大阪 清風南海
58%
18 三重 四日市
58%
18 兵庫 姫路西
58%
17 京都 嵯峨野
58%
16 大阪 大手前
58%
16 高知 土佐
58%
13 兵庫 加古川東
58%
12 富山 富山中部
58%
12 広島 広島大学附属福山
58%
11 神奈川 横浜翠嵐
58%
28 京都 西京
53%
25 兵庫 須磨学園
53%
22 愛知 一宮
53%
15 福井 藤島
53%
13 北海道 札幌北
53%
11 岡山 岡山大安寺
53%
10 静岡 静岡
53%
10 和歌山 智辯学園和歌山
53%
18 兵庫 六甲学院
47%
17 愛知 明和
47%
14 兵庫 西宮市立西宮
47%
10 奈良 帝塚山
47%
16 愛知
42%
14 大阪 大阪教育大学附属天王寺
42%
13 大阪 大阪教育大学附属池田
42%
10 福岡 久留米大学附設
42%
16 東京 国立
37%
12 東京 駒場東邦
37%
13 愛知 向陽
32%
10 東京 武蔵
32%
10 広島 基町
32%
18 大阪 開明
21%
11 大阪 四條畷
21%
10 京都 東山
11%
10 兵庫 三田学園
5%
No matching quizzes found
Score Distribution
Percent of People with Each Score
Percentile by Number Answered
Your Score History
You have not taken this quiz